000 00701nam a2200217 a 4500
005 20241129063802.0
008 020116s2000 r 000 0 eng d
020 _a8432133183
035 _aUPN01000114620
049 _aCG
050 4 _aLB1028
_bB4.2
100 1 _aBernardo Carrasco, José
_937129
245 1 0 _aAprendo a investigar en educación /
_cJosé Bernardo Carrasco, José Fernando Calderero Hernández.
260 _aMadrid :
_bRialp,
_cc2000.
300 _a239 p. :
_bcuadros
440 0 _aEducación y pedagogía
650 4 _aEducación
_xInvestigación
_94070
650 4 _aEstadística educativa
_914177
700 1 _aCalderero Hernández, José Fernando,
_ecoaut.
905 _aLibro
999 _c88523
_d88523